Resource guide for transportation engineering education / (Record no. 541902)

000 -LEADER
fixed length control field 00735pam a2200193 a 4500
020 ## - INTERNATIONAL STANDARD BOOK NUMBER
International Standard Book Number 0309036518 (pbk.) :
082 00 - DEWEY DECIMAL CLASSIFICATION NUMBER
Classification number 016.3805
Author Mark NAT
-- D
245 00 - TITLE STATEMENT
Title Resource guide for transportation engineering education /
Statement of responsibility, etc. Transportation Research Board, National Research Council.
260 ## - PUBLICATION, DISTRIBUTION, ETC.
Place of publication, distribution, etc. Washington, D.C. :
Name of publisher, distributor, etc. National Academy of Sciences,
Date of publication, distribution, etc. 1984.
300 ## - PHYSICAL DESCRIPTION
Extent vi, 57 p. ;
Dimensions 28 cm.
490 1# - SERIES STATEMENT
Series statement Bibliography,
500 ## - GENERAL NOTE
General note Includes index.
526 ## - STUDY PROGRAM INFORMATION NOTE
Program name 0
Interest level 0
Reading level 0
Title point value 016_380500000000000_NAT
650 #0 - SUBJECT ADDED ENTRY--TOPICAL TERM
Topical term or geographic name entry element MCE
9 (RLIN) 379
650 #0 - SUBJECT ADDED ENTRY--TOPICAL TERM
Topical term or geographic name entry element Transportation engineering
General subdivision Bibliography.
9 (RLIN) 36993
650 #0 - SUBJECT ADDED ENTRY--TOPICAL TERM
Topical term or geographic name entry element Transportation engineering
General subdivision Study and teaching
-- Bibliography.
9 (RLIN) 36994
710 2# - ADDED ENTRY--CORPORATE NAME
Corporate name or jurisdiction name as entry element National Research Council (U.S.).
9 (RLIN) 20017
942 ## - ADDED ENTRY ELEMENTS (KOHA)
Source of classification or shelving scheme
Koha item type Book
Holdings
Withdrawn status Lost status Source of classification or shelving scheme Damaged status Not for loan Permanent Location Current Location Date acquired Total Checkouts Full call number Barcode Date last seen Price effective from Koha item type
          Military College of Engineering (MCE) Military College of Engineering (MCE) 09/09/2013   016.3805 NAT MCE-42644 09/09/2013 09/09/2013 Book
© 2023 Central Library, National University of Sciences and Technology. All Rights Reserved.